First NBA Champion from Each Country - Statistics

General Stats
  • This quiz has been taken 142 times
    96 since last reset
  • The average score is 12 of 34
Answer Stats
Year Team Country Player % Correct
2024 Celtics Latvia Kristaps Porzingis
87%
2003 Spurs Argentina Manu Ginobili
81%
2003 Spurs France Tony Parker
79%
2024 Celtics Dominican Republic Al Horford
75%
2011 Mavericks Germany Dirk Nowitzki
74%
1994 Rockets Nigeria Hakeem Olajuwon
74%
2009 Lakers Spain Pau Gasol
73%
2019 Raptors Cameroon Pascal Siakam
71%
2017 Warriors Georgia Zaza Pachulia
49%
2020 Lakers Greece Kostas Antetokounmpo
48%
2004 Pistons Serbia Darko Miličić
39%
1996 Bulls Australia Luc Longley
39%
2019 Raptors Great Britain OG Anunoby
35%
2019 Raptors Republic of the Congo Serge Ibaka
35%
2017 Spurs Italy Marco Belinelli
34%
2024 Celtics Portugal Neemias Queta
34%
1987 Lakers Bahamas Mychal Thompson
33%
2022 Warriors Democratic Republic of the Congo Jonathan Kuminga
32%
2016 Cavaliers Russia Timofey Mozgov
32%
2014 Spurs Brazil Tiago Splitter
28%
2004 Pistons Turkey Mehmet Okur
24%
2022 Warriors Mexico Juan Toscano-Anderson
18%
2005 Spurs Slovenia Beno Udrih / Rasho Nesterović
14%
2009 Lakers Belgium DJ Mbenga
13%
2001 Lakers Ukraine Slava Medvedenko
11%
2007 Spurs Netherlands Francisco Elson
8%
1994 Rockets Venezuela Carl Herrera
7%
2005 Spurs New Zealand Sean Marks
7%
1995 Rockets Croatia Žan Tabak
7%
2003 Spurs China Mengke Bateer
6%
1980 Lakers Puerto Rico Butch Lee
5%
1987 Lakers Canada Mike Smrek
5%
1994 Rockets Slovakia Richard Petruška
5%
2021 Bucks Guinea Mamadi Diakite
4%
No matching quizzes found
Score Distribution
Percent of People with Each Score
Percentile by Number Answered
Your Score History
You have not taken this quiz since the last reset